|
|
|
|
| LEADER |
01652nam a2200397 i 4500 |
| 001 |
EBC3299680 |
| 003 |
MiAaPQ |
| 005 |
20200520144314.0 |
| 006 |
m o d | |
| 007 |
cr cnu|||||||| |
| 008 |
140115s2013 enkd ob 000 0 eng|d |
| 020 |
|
|
|z 9780857193476
|
| 020 |
|
|
|a 9780857193674
|q (electronic bk.)
|
| 035 |
|
|
|a (MiAaPQ)EBC3299680
|
| 035 |
|
|
|a (Au-PeEL)EBL3299680
|
| 035 |
|
|
|a (CaPaEBR)ebr10825835
|
| 035 |
|
|
|a (OCoLC)871691997
|
| 040 |
|
|
|a MiAaPQ
|b eng
|e rda
|e pn
|c MiAaPQ
|d MiAaPQ
|
| 050 |
|
4 |
|a HG173
|b .N49 2013
|
| 245 |
0 |
0 |
|a Next generation finance :
|b adapting the financial services industry to changes in technology, regulation and consumer behaviour /
|c edited by Robert Lempka and Paul D. Stallard.
|
| 264 |
|
1 |
|a Petersfield, Hampshire :
|b Harriman House Ltd.,
|c 2013.
|
| 300 |
|
|
|a 1 online resource (231 pages) :
|b illustrations (some color)
|
| 336 |
|
|
|a text
|2 rdacontent
|
| 337 |
|
|
|a computer
|2 rdamedia
|
| 338 |
|
|
|a online resource
|2 rdacarrier
|
| 504 |
|
|
|a Includes bibliographical references.
|
| 588 |
|
|
|a Description based on online resource; title from PDF title page (ebrary, viewed January 15, 2014).
|
| 590 |
|
|
|a Electronic reproduction. Ann Arbor, MI : ProQuest, 2015. Available via World Wide Web. Access may be limited to ProQuest affiliated libraries.
|
| 650 |
|
0 |
|a Finance.
|
| 650 |
|
0 |
|a Financial services industry
|x Data processing.
|
| 650 |
|
0 |
|a Consumer behavior.
|
| 655 |
|
4 |
|a Electronic books.
|
| 700 |
1 |
|
|a Lempka, Robert.
|
| 700 |
1 |
|
|a Stallard, Paul D.
|
| 797 |
2 |
|
|a ProQuest (Firm)
|
| 856 |
4 |
0 |
|u https://ebookcentral.proquest.com/lib/matrademy/detail.action?docID=3299680
|z Click to View
|